Cambridge Practice Tests for IELTS 1: Cas. 2

গ্রন্থ-পঞ্জীর বিবরন
প্রধান লেখক: Jakeman V. Vanessa
অন্যান্য লেখক: McDowell C. Clare
ভাষা:ইংরেজি
প্রকাশিত: Cambridge, Cambridge University Press, 1996
বিষয়গুলি:
বিন্যাস: অডিও
KOHA link:https://koha.lib.tpu.ru/cgi-bin/koha/opac-detail.pl?biblionumber=65039

MARC

LEADER 00000nim0a2200000 4500
001 65039
005 20231101212155.0
010 |a 0521497663 
035 |a (RuTPU)RU\TPU\book\69054 
035 |a RU\TPU\book\69053 
090 |a 65039 
100 |a 20040615d1996 m y0engy50 ba 
101 0 |a eng 
102 |a GB 
105 |a y j 000zy 
126 |a ckbujub||||||bu 
127 |a hhmmss 
128 |a zz  |b uu  |c uu 
200 1 |a Cambridge Practice Tests for IELTS 1  |b Audio-cassette  |e Cas. 2  |f V. Jakeman, C. McDowell 
210 |a Cambridge  |c Cambridge University Press  |d 1996 
215 |a 1 audio-cassette (90 min) 
606 1 |a Английский язык  |x Учебные руководства и пособия  |x Учебные руководства и пособия для высшей школы  |2 stltpush  |3 (RuTPU)RU\TPU\subj\29071  |9 52483 
610 1 |a английский язык 
610 1 |a учебные пособия 
610 1 |a лексика 
610 1 |a разговорная речь 
610 1 |a упражнения 
610 1 |a аудиокассеты 
686 |a Ш143.21-923.4  |v LBC/SL-A  |2 rubbk 
700 1 |a Jakeman  |b V.  |g Vanessa 
701 1 |a McDowell  |b C.  |g Clare 
801 1 |a RU  |b 63413507  |c 20040615  |g PSBO 
801 2 |a RU  |b 63413507  |c 20221205  |g PSBO 
942 |c BK